000
00336nam a2200145Ia 4500
005
20251222153600.0
008
251222s9999||||xx |||||||||||||| ||spa||
020
_a
8477290253
082
_a
870.3/T59
100
_a
Tirado Zarco, Miguel
245
0
_a
Frases Célebres
250
_a
1ra.ed.
264
_b
Perea Ediciones
942
_c
LIB
999
_c
31191
_d
31191